• 首页
  • 本馆介绍
  • 公告通知
  • 最新文献
  • 馆藏检索
  • 电子资源
  • 读者导购
  • 参考咨询
  • 我的图书馆
  • 登录
  • 详细信息显示
  • 放入我的书架
  • 预约/预借图书
  • 作者相关作品
  • 分类相关作品
  • 丛书相关作品
  • 出版社相关作品

书目信息

  • 表格格式
  • 工作单格式
  • 卡片格式
题名:
3D打印基础教程与设计
    
 
作者: 贾迎新 , 杨粤瀚 , 侯毅 主编
分册:  
出版信息: 北京   北京工业大学出版社  2018
页数: 241页
开本: 24cm
丛书名:
单 册:
中图分类: TS853
科图分类:
主题词: 立体印刷--li ti yin shua--印刷术
电子资源:
ISBN: 978-7-5639-5748-4
000 01041nam0 2200277 45
001 012001002921
005 20140126090043.0
010    @a978-7-5639-5748-4@dCNY45.00
099    @aCAL 012018068345
100    @a20180326d2017 em y0chiy50 ea
101 0  @achi
102    @aCN@b110000
105    @aak a 000yy
106    @ar
200 1  @a3D打印基础教程与设计@A3D da yin ji chu jiao cheng yu she ji@f主编贾迎新, 杨粤瀚, 侯毅
210    @a北京@c北京工业大学出版社@d2018
215    @a241页@c图 (部分彩图)@d24cm
320    @a有书目 (第241页)
330    @a本书较为全面的讲述了3D打印的成型工艺技术, 并通过大量的模型设计案例, 深入浅出地介绍了三维建模软件的基本操作和功能。作者从自己的亲身经验出发, 创建出了激发学生创造力的模型案例。总体来说, 是一本饶有趣味的3D打印技术普及教材。
606 0  @a立体印刷@Ali ti yin shua@x印刷术
690    @aTS853@v5
701  0 @a贾迎新@Ajia ying xin@4主编
701  0 @a杨粤瀚@Ayang yue han@4主编
701  0 @a侯毅@Ahou yi@4主编
801  2 @aCN@b北京卓展@c20191020
905    @b1204761-3@dTS853@e88@f3
    
    3D打印基础教程与设计/主编贾迎新, 杨粤瀚, 侯毅.-北京:北京工业大学出版社,2018
    241页:图 (部分彩图);24cm
    
    
    ISBN 978-7-5639-5748-4:CNY45.00
    本书较为全面的讲述了3D打印的成型工艺技术, 并通过大量的模型设计案例, 深入浅出地介绍了三维建模软件的基本操作和功能。作者从自己的亲身经验出发, 创建出了激发学生创造力的模型案例。总体来说, 是一本饶有趣味的3D打印技术普及教材。
●
相关链接 在E读中查询图书 在五车中查询图书 在当当中查询图书 在豆瓣中查询图书


正题名:3D打印基础教程与设计     索取号:TS853/88         预约/预借

序号 登录号 条形码 馆藏地/架位号 状态 备注
1 1204761   212047612   第二样本阅览室/ [索取号:TS853/88] 在馆    
2 1204762   212047621   第三借阅区/ [索取号:TS853/88] 在馆    
3 1204763   212047630   第三借阅区/ [索取号:TS853/88] 在馆    
唐山师范学院图书馆 欢迎您!
大连网信软件有限公司© 版权所有